LEADER 01330nam a2200265 u 4500 001 000000003004 003 CaOOAMICUS 005 20070226104507.0 008 940921s1976 it cf u000 u ita u 035 $a10077023 040 $aPUL(R)$bita 100 1 $aGatti, Isidoro,$cO.F.M. Conv.$0(OLS)http://pul/name/3184 245 13$aIl P. Vincenzo Coronelli dei Frati Minori Conventuali negli anni del generalato (1701-1707) /$cIsidoro Gatti. 260 $aRoma :$bUniversità Gregoriana,$c1976. 300 $a2 v. :$bant. (v. 1), tav., ritr. ;$c25 cm 490 1 $aMiscellanea historiae Pontificiae, edita a Facultate Historiae Ecclesiasticae in Pontificia Universitate Gregoriana ;$v41, 42 500 $aPaginazione continua. 600 14$aCoronelli, Vincenzo,$cO.F.M. Conv.,$d1650-1718$ecartografo.$0(OLS)http://pul/subject/2654 830 0$aMiscellanea historiae pontificiae ;$v41, 42.$0(OLS)http://pul/title/220 850 $aPUL 852 $aPUL$W1$xSL Filosofia 1$y2$m98.G$j168$nBK-PRI$b $qStampati$B3991$CPULBib$Z2$F3991 $H $81 941 1 $a8 961 $aINV: 53704-5 996 $6245$aIl P. Vincenzo Coronelli dei Frati Minori Conventuali negli anni del generalato (1701-1707)$9(OLS)http://pul/title/4377 996 $6260$aRoma :$bUniversità Gregoriana$9(OLS)http://pul/publisher/48400 LEADER 01578nam a2200313 u 4500 001 000000075895 003 CaOOAMICUS 005 20220111130952.0 008 031024s1995 mnu u000 u eng u 020 $a0800660315 032 $aLibriCat 035 $a10974138 040 $aPUL$bita 100 1 $aBetz, Hans Dieter.$0(OLS)http://pul/name/18696 245 14$aThe Sermon on the Mount :$ba commentary on the Sermon on the Mount, including the Sermon on the Plain (Matthew 5 : 3-7 : 27 and Luke 6 : 20-49) /$cby Hans Dieter Betz ; edited by Adela Yarbro Collins. 260 $aMinneapolis :$bFortress Press,$cc1995. 300 $a694 p. ;$c24 cm 490 1 $aHermeneia : a critical and historical commentary on the Bible 630 04$aBiblia.$pN.T.$pMatthaeus.$0(OLS)http://pul/subject/37788 630 04$aBiblia.$pN.T.$pLucas.$0(OLS)http://pul/subject/37878 700 1 $aYarbro Collins, Adela.$0(OLS)http://pul/name/48878 830 0$aHermeneia : a critical and historical commentary on the Bible.$0(OLS)http://pul/title/16749 850 $aPUL 852 $aPUL$W1$xSL Religione 1$y3$m6(1) E 47A$j97563$nBK-PRI$b $qStampati$B97563$CPULBib$Z2$F97563 $H87867 $81 941 1 $a8 996 $6020$a0800660315$9(OLS)http://pul/number/99318 996 $6245$aThe Sermon on the Mount :$ba commentary on the Sermon on the Mount, including the Sermon on the Plain (Matthew 5 : 3-7 : 27 and Luke 6 : 20-49)$9(OLS)http://pul/title/99555 996 $6260$aMinneapolis :$bFortress Press$9(OLS)http://pul/publisher/52703